Path integrals and quantum anomalies / (Record no. 27121)
[ view plain ]
| 000 -LEADER | |
|---|---|
| fixed length control field | 01370cam a22003975i 4500 |
| 001 - CONTROL NUMBER | |
| control field | 012920091 |
| 003 - CONTROL NUMBER IDENTIFIER | |
| control field | Uk |
| 005 - DATE AND TIME OF LATEST TRANSACTION | |
| control field | 20190212120025.0 |
| 008 - FIXED-LENGTH DATA ELEMENTS--GENERAL INFORMATION | |
| fixed length control field | 040519s2004 enka fr 001 0 eng d |
| 015 ## - | |
| -- | GBA441269 |
| -- | bnb |
| 016 7# - | |
| -- | 012920091 |
| -- | Uk |
| 020 ## - INTERNATIONAL STANDARD BOOK NUMBER | |
| International Standard Book Number | 0198529139 |
| 020 ## - INTERNATIONAL STANDARD BOOK NUMBER | |
| International Standard Book Number | 9701985291391 |
| 040 ## - CATALOGING SOURCE | |
| Original cataloging agency | Uk |
| Language of cataloging | eng |
| Transcribing agency | Uk |
| Modifying agency | EG-ScBUE |
| 041 ## - LANGUAGE CODE | |
| Language code of text/sound track or separate title | jpn |
| Language code of sung or spoken text | eng |
| 082 04 - DEWEY DECIMAL CLASSIFICATION NUMBER | |
| Classification number | 530.143 |
| Edition number | 22 |
| Item number | FUJ |
| 100 1# - MAIN ENTRY--PERSONAL NAME | |
| Personal name | Fujikawa, K. |
| 240 10 - UNIFORM TITLE | |
| Uniform title | <a href="Keiro sekibun to taishōsei no ryōshiteki yabure.">Keiro sekibun to taishōsei no ryōshiteki yabure.</a> |
| Language of a work | English |
| 245 10 - TITLE STATEMENT | |
| Title | Path integrals and quantum anomalies / |
| Statement of responsibility, etc | Kazuo Fujikawa and Hiroshi Suzuki. |
| 264 ## - PUBLICATION, DISTRIBUTION, ETC. (IMPRINT) | |
| Place of publication, distribution, etc | New York ; |
| -- | Oxford, England : |
| Name of publisher, distributor, etc | Oxford University Press Inc., |
| Date of publication, distribution, etc | 2004. |
| 300 ## - PHYSICAL DESCRIPTION | |
| Extent | xi, 284 p. : |
| Other physical details | ill. ; |
| Dimensions | 25 cm. |
| 336 ## - CONTENT TYPE | |
| Content type term | text |
| Source | rdacontent |
| 337 ## - MEDIA TYPE | |
| Media type term | unmediated |
| Source | rdamedia |
| 338 ## - CARRIER TYPE | |
| Carrier type term | volume |
| Source | rdacarrier |
| 490 1# - SERIES STATEMENT | |
| Series statement | International series of monographs on physics ; |
| Volume number/sequential designation | no. 122 |
| 500 ## - GENERAL NOTE | |
| General note | Includes index. |
| 500 ## - GENERAL NOTE | |
| General note | Originally published in Japanese by Tokyo: Iwanami Shoten, Publishers, 2001. |
| 504 ## - BIBLIOGRAPHY, ETC. NOTE | |
| Bibliography, etc | Bibliography : p.262-281. |
| 546 ## - LANGUAGE NOTE | |
| Language note | Translated from the Japanese. |
| 650 #7 - SUBJECT ADDED ENTRY--TOPICAL TERM | |
| Topical term or geographic name as entry element | Path integrals. |
| Source of heading or term | BUEsh |
| 9 (RLIN) | 41983 |
| 650 #7 - SUBJECT ADDED ENTRY--TOPICAL TERM | |
| Topical term or geographic name as entry element | Quantum field theory. |
| Source of heading or term | BUEsh |
| 9 (RLIN) | 3971 |
| 650 #7 - SUBJECT ADDED ENTRY--TOPICAL TERM | |
| Topical term or geographic name as entry element | Broken symmetry (Physics). |
| Source of heading or term | BUEsh |
| 9 (RLIN) | 41982 |
| 653 ## - INDEX TERM--UNCONTROLLED | |
| Resource For college | Engineering, General |
| Arrived date list | February2019 |
| 700 1# - ADDED ENTRY--PERSONAL NAME | |
| Personal name | Suzuki, Hiroshi, |
| Dates associated with a name | 1964 January 7- |
| 942 ## - ADDED ENTRY ELEMENTS (KOHA) | |
| Source of classification or shelving scheme | Dewey Decimal Classification |
| Koha item type | Book - Borrowing |
| Withdrawn status | Lost status | Source of classification or shelving scheme | Damaged status | Not for loan | Home library | Current library | Shelving location | Date acquired | Source of acquisition | Cost, normal purchase price | Serial Enumeration / chronology | Total Checkouts | Full call number | Barcode | Date last seen | Price effective from | Koha item type |
|---|---|---|---|---|---|---|---|---|---|---|---|---|---|---|---|---|---|
| Dewey Decimal Classification | Central Library | Central Library | First floor | 12/02/2019 | Purchase | 618.75 | 72428 | 530.143 FUJ | 000044171 | 15/07/2025 | 12/02/2019 | Book - Borrowing |